Reversing Africa’s decline

Uloženo v:
Podrobná bibliografie
Hlavní autor: BROWN, Lester R.
Médium: Kniha
Jazyk:angličtina
Vydáno: Worldwatch Institute 1985
Tagy: Přidat tag
Žádné tagy, Buďte první, kdo vytvoří štítek k tomuto záznamu!

MARC

LEADER 00000nam a22000007a 4500
008 210609b ||||| |||| 00| 0 eng d
020 |a 0-916468-65-8 
100 |a BROWN, Lester R. 
245 |a Reversing Africa’s decline  |c Lester R. Brown, Edward C. Wolf.  |e Worldwatch paper  |f 65  |g 81p; ill. 
260 |b Worldwatch Institute  |c 1985  |h Washington, D.C.  |i 688432   |l HC800 .Z9B81  |m Environmental policy – Africa.  |m Food supply – Government policy – Africa.  |m Africa – Economic policy.  
500 |a “It includes references” 
942 |a lcc  |c BK  |e YUNUSA, A.A.  |f 09/6/2021 
952 |0 0  |1 0  |2 lcc  |4 0  |6 HC0800 Z9 B81  |7 0  |9 2545  |a HOL  |b HOL  |c GJ  |d 2021-06-09  |l 0  |o HC800 .Z9B81  |p 2021-6396  |r 2021-06-09 00:00:00  |w 2021-06-09  |y BK 
999 |c 1326  |d 1326